[Event "DEM U12w 2018"]
[Site "Willingen GER"]
[Date "2018.05.24"]
[Round "8"]
[White "Petersen, Sophie"]
[Black "Wörz, Ann-Sophie"]
[Result "1/2-1/2"]
[Termination "normal"]
[Board "8"]
[WhiteElo "1431"]
[BlackElo "1433"]
[WhiteClock "00:12:37"]
[BlackClock "00:05:56"]
[PlyCount "84"]
[WhiteFideId "16229380"]
[BlackFideId "16265890"]
[EventCountry "GER"]
[EventRounds "11"]
[EventType "swiss"]
[EventDate "2018.05.19"]

1. e4 {[%clk 1:15:58]} 1... e5 {[%clk 1:15:56]} 2. Nf3 {[%clk 1:16:20]} 2...
Nc6 {[%clk 1:16:21]} 3. Bb5 {[%clk 1:16:42]} 3... Nf6 {[%clk 1:16:44]} 4. d3 {
[%clk 1:16:59]} 4... Bc5 {[%clk 1:17:00]} 5. O-O {[%clk 1:16:58]} 5... d6 {
[%clk 1:16:45]} 6. c3 {[%clk 1:17:07]} 6... O-O {[%clk 1:16:15]} 7. Nbd2 {
[%clk 1:16:31]} 7... Re8 {[%clk 1:15:36]} 8. d4 {[%clk 1:10:55]} 8... exd4 {
[%clk 1:10:43]} 9. cxd4 {[%clk 1:10:42]} 9... Bxd4 {[%clk 1:08:19]} 10. Nxd4 {
[%clk 1:10:10]} 10... Nxd4 {[%clk 1:08:02]} 11. Bxe8 {[%clk 1:10:17]} 11...
Qxe8 {[%clk 1:08:10]} 12. Re1 {[%clk 1:09:56]} 12... b6 {[%clk 1:05:44]} 13.
Nc4 {[%clk 1:06:10]} 13... Nc6 {[%clk 1:03:47]} 14. Bf4 {[%clk 1:05:02]} 14...
Ba6 {[%clk 1:01:47]} 15. Rc1 {[%clk 1:03:00]} 15... Qe6 {[%clk 0:59:11]} 16.
Nxb6 {[%clk 1:00:02]} 16... axb6 {[%clk 0:51:01]} 17. Rxc6 {[%clk 0:59:54]}
17... Rc8 {[%clk 0:50:16]} 18. b3 {[%clk 0:59:39]} 18... Bb5 {[%clk 0:49:20]}
19. Rc1 {[%clk 0:59:14]} 19... Nd7 {[%clk 0:47:30]} 20. Bg3 {[%clk 0:57:38]}
20... Nc5 {[%clk 0:47:05]} 21. Rc2 {[%clk 0:54:02]} 21... Nd3 {[%clk 0:44:25]}
22. Re3 {[%clk 0:48:23]} 22... Nb4 {[%clk 0:43:26]} 23. Rb2 {[%clk 0:46:40]}
23... Rd8 {[%clk 0:40:50]} 24. e5 {[%clk 0:46:03]} 24... d5 {[%clk 0:40:16]}
25. Bh4 {[%clk 0:45:01]} 25... Rd7 {[%clk 0:39:27]} 26. a3 {[%clk 0:44:22]}
26... d4 {[%clk 0:38:05]} 27. Re4 {[%clk 0:40:44]} 27... Nd3 {[%clk 0:36:25]}
28. Rd2 {[%clk 0:38:07]} 28... Qd5 {[%clk 0:31:53]} 29. f3 {[%clk 0:35:38]}
29... Nxe5 {[%clk 0:21:47]} 30. Rexd4 {[%clk 0:34:50]} 30... Qe6 { [%clk
0:19:39]} 31. Bg3 {[%clk 0:32:11]} 31... Rxd4 {[%clk 0:17:51]} 32. Rxd4 { [%clk
0:28:18]} 32... f6 {[%clk 0:16:55]} 33. Re4 {[%clk 0:26:12]} 33... Qe7 { [%clk
0:12:41]} 34. f4 {[%clk 0:25:25]} 34... Qc5+ {[%clk 0:12:48]} 35. Bf2 { [%clk
0:24:58]} 35... Qc6 {[%clk 0:12:28]} 36. Qd8+ {[%clk 0:24:03]} 36... Kf7 {[%clk
0:11:57]} 37. Re1 {[%clk 0:23:05]} 37... Ng6 {[%clk 0:10:10]} 38. f5 { [%clk
0:20:49]} 38... Ne5 {[%clk 0:09:31]} 39. a4 {[%clk 0:17:41]} 39... Ba6 { [%clk
0:09:32]} 40. Bg3 {[%clk 0:15:55]} 40... Bb7 {[%clk 0:08:26]} 41. Re2 { [%clk
0:14:49]} 41... Qc1+ {[%clk 0:08:10]} 42. Be1 {[%clk 0:12:37]} 42... Qc5+
{[%clk 0:05:56]} 1/2-1/2

[Event "DEM U12w 2018"]
[Site "Willingen GER"]
[Date "2018.05.24"]
[Round "8"]
[White "Fischer, Darja"]
[Black "Buchholz, Maja"]
[Result "1-0"]
[Termination "normal"]
[Board "9"]
[WhiteElo "1292"]
[BlackElo "1320"]
[WhiteClock "00:38:59"]
[BlackClock "00:46:59"]
[PlyCount "177"]
[WhiteFideId "16240898"]
[BlackFideId "16200500"]
[EventCountry "GER"]
[EventRounds "11"]
[EventType "swiss"]
[EventDate "2018.05.19"]

1. e4 {[%clk 1:15:58]} 1... c5 {[%clk 1:15:56]} 2. Nf3 {[%clk 1:16:22]} 2... d6
{[%clk 1:16:22]} 3. d4 {[%clk 1:16:46]} 3... cxd4 {[%clk 1:16:48]} 4. Nxd4 {
[%clk 1:17:08]} 4... Nf6 {[%clk 1:17:14]} 5. Nc3 {[%clk 1:17:21]} 5... g6 {
[%clk 1:17:40]} 6. Be2 {[%clk 1:17:04]} 6... Bg7 {[%clk 1:18:03]} 7. O-O {
[%clk 1:17:26]} 7... O-O {[%clk 1:18:29]} 8. Re1 {[%clk 1:16:40]} 8... Nc6 {
[%clk 1:18:31]} 9. Nb3 {[%clk 1:16:40]} 9... Be6 {[%clk 1:18:38]} 10. Be3 {
[%clk 1:15:19]} 10... Rc8 {[%clk 1:17:00]} 11. h3 {[%clk 1:12:00]} 11... d5 {
[%clk 1:15:40]} 12. exd5 {[%clk 1:11:08]} 12... Nxd5 {[%clk 1:15:59]} 13. Nxd5
{[%clk 1:10:55]} 13... Qxd5 {[%clk 1:15:10]} 14. c3 {[%clk 1:09:13]} 14... Rfd8
{[%clk 1:12:29]} 15. Qxd5 {[%clk 1:00:51]} 15... Bxd5 {[%clk 1:12:48]} 16. Rad1
{[%clk 1:00:34]} 16... Be6 {[%clk 1:00:20]} 17. Bf3 {[%clk 1:00:05]} 17... b6 {
[%clk 0:58:18]} 18. Bxc6 {[%clk 0:59:55]} 18... Rxd1 {[%clk 0:58:39]} 19. Rxd1
{[%clk 1:00:11]} 19... Rxc6 {[%clk 0:58:55]} 20. Rd8+ {[%clk 1:00:16]} 20...
Bf8 {[%clk 0:58:46]} 21. Bh6 {[%clk 0:59:25]} 21... Rc8 {[%clk 0:59:02]} 22.
Rxc8 {[%clk 0:58:43]} 22... Bxc8 {[%clk 0:59:26]} 23. Be3 {[%clk 0:57:19]}
23... e5 {[%clk 0:57:40]} 24. Kf1 {[%clk 0:57:01]} 24... Be7 {[%clk 0:56:48]}
25. Ke2 {[%clk 0:53:21]} 25... f5 {[%clk 0:55:28]} 26. g3 {[%clk 0:45:43]}
26... Kf7 {[%clk 0:50:59]} 27. Nd2 f4 28. gxf4 {[%clk 0:44:43]} 28... exf4 {
[%clk 0:45:45]} 29. Bxf4 {[%clk 0:45:08]} 29... Bxh3 {[%clk 0:46:03]} 30. Ne4 {
[%clk 0:36:46]} 30... Be6 {[%clk 0:45:56]} 31. b3 {[%clk 0:35:43]} 31... Bf5 {
[%clk 0:44:08]} 32. Nd6+ {[%clk 0:34:31]} 32... Bxd6 {[%clk 0:44:21]} 33. Bxd6
{[%clk 0:34:48]} 33... Bb1 {[%clk 0:44:43]} 34. a3 {[%clk 0:35:08]} 34... Ba2 {
[%clk 0:44:51]} 35. b4 {[%clk 0:35:25]} 35... b5 {[%clk 0:44:59]} 36. Ke3 {
[%clk 0:34:54]} 36... Ke6 {[%clk 0:44:17]} 37. Bb8 {[%clk 0:34:47]} 37... a6 {
[%clk 0:44:41]} 38. Kd4 {[%clk 0:35:10]} 38... Bb3 {[%clk 0:42:20]} 39. Kc5 {
[%clk 0:35:01]} 39... h5 {[%clk 0:42:38]} 40. Kb6 {[%clk 0:35:17]} 40... Kd5 {
[%clk 0:42:58]} 41. Kxa6 {[%clk 0:35:22]} 41... Ba4 {[%clk 0:43:19]} 42. Kb6 {
[%clk 0:35:34]} 42... h4 {[%clk 0:41:58]} 43. Bc7 {[%clk 0:33:00]} 43... h3 {
[%clk 0:42:11]} 44. Bg3 {[%clk 0:32:41]} 44... Kc4 {[%clk 0:41:13]} 45. Be5 {
[%clk 0:32:53]} 45... g5 {[%clk 0:41:33]} 46. Kc6 {[%clk 0:32:08]} 46... Kd3 {
[%clk 0:40:54]} 47. Kc5 {[%clk 0:32:13]} 47... g4 {[%clk 0:40:46]} 48. Kd5 {
[%clk 0:31:59]} 48... Bb3+ {[%clk 0:40:01]} 49. Kc5 {[%clk 0:29:56]} 49... Bc4
{[%clk 0:39:54]} 50. Kd6 {[%clk 0:28:02]} 50... Ke2 {[%clk 0:39:38]} 51. Bg3 {
[%clk 0:27:32]} 51... Kf3 {[%clk 0:39:14]} 52. Kc5 {[%clk 0:26:37]} 52... Kg2 {
[%clk 0:38:48]} 53. a4 {[%clk 0:26:07]} 53... bxa4 {[%clk 0:38:01]} 54. Kxc4 {
[%clk 0:26:26]} 54... a3 {[%clk 0:38:18]} 55. Kb3 {[%clk 0:26:50]} 55... h2 {
[%clk 0:38:41]} 56. Bxh2 {[%clk 0:27:16]} 56... Kxh2 {[%clk 0:39:07]} 57. b5 {
[%clk 0:27:42]} 57... Kg2 {[%clk 0:39:26]} 58. b6 {[%clk 0:28:10]} 58... Kxf2 {
[%clk 0:39:48]} 59. b7 {[%clk 0:28:37]} 59... g3 {[%clk 0:39:19]} 60. b8=Q {
[%clk 0:29:02]} 60... g2 {[%clk 0:39:35]} 61. Qf4+ {[%clk 0:29:17]} 61... Ke2 {
[%clk 0:39:10]} 62. Qg3 {[%clk 0:29:38]} 62... Kf1 {[%clk 0:39:32]} 63. Qf3+ {
[%clk 0:30:03]} 63... Kg1 {[%clk 0:39:42]} 64. c4 {[%clk 0:30:19]} 64... a2 {
[%clk 0:39:53]} 65. Kxa2 {[%clk 0:30:37]} 65... Kh2 {[%clk 0:40:15]} 66. Qf2 {
[%clk 0:30:32]} 66... Kh1 {[%clk 0:40:33]} 67. Qh4+ {[%clk 0:30:57]} 67... Kg1
{[%clk 0:40:55]} 68. Qg3 {[%clk 0:31:21]} 68... Kh1 {[%clk 0:40:53]} 69. Qh3+ {
[%clk 0:31:46]} 69... Kg1 {[%clk 0:41:17]} 70. c5 {[%clk 0:32:11]} 70... Kf2 {
[%clk 0:41:27]} 71. Qh2 {[%clk 0:32:33]} 71... Kf1 {[%clk 0:41:36]} 72. Qxg2+ {
[%clk 0:32:47]} 72... Kxg2 {[%clk 0:41:58]} 73. c6 {[%clk 0:33:15]} 73... Kf3 {
[%clk 0:42:17]} 74. c7 {[%clk 0:33:41]} 74... Ke4 {[%clk 0:42:41]} 75. c8=Q {
[%clk 0:34:06]} 75... Kd4 {[%clk 0:42:47]} 76. Qc6 {[%clk 0:34:29]} 76... Kd3 {
[%clk 0:43:01]} 77. Kb3 {[%clk 0:34:54]} 77... Kd4 {[%clk 0:43:23]} 78. Kb4 {
[%clk 0:35:14]} 78... Ke5 {[%clk 0:43:41]} 79. Kc5 {[%clk 0:35:32]} 79... Kf5 {
[%clk 0:43:57]} 80. Qe8 {[%clk 0:35:54]} 80... Kf4 {[%clk 0:44:18]} 81. Qe6 {
[%clk 0:36:16]} 81... Kf3 {[%clk 0:44:39]} 82. Kd4 {[%clk 0:36:39]} 82... Kf4 {
[%clk 0:44:57]} 83. Qe5+ {[%clk 0:37:02]} 83... Kf3 {[%clk 0:45:21]} 84. Qe4+ {
[%clk 0:37:28]} 84... Kf2 {[%clk 0:45:45]} 85. Qe3+ {[%clk 0:37:56]} 85... Kg2
{[%clk 0:46:06]} 86. Ke4 {[%clk 0:38:23]} 86... Kh1 {[%clk 0:46:17]} 87. Qg5 {
[%clk 0:38:36]} 87... Kh2 {[%clk 0:46:41]} 88. Kf3 {[%clk 0:38:59]} 88... Kh3 {
[%clk 0:46:59]} 89. Qg3# 1-0

[Event "DEM U12w 2018"]
[Site "Willingen GER"]
[Date "2018.05.24"]
[Round "8"]
[White "Derling, Charlotte"]
[Black "Zöllner, Bente"]
[Result "0-1"]
[Termination "normal"]
[Board "10"]
[WhiteElo "1449"]
[BlackElo "1314"]
[PlyCount "110"]
[WhiteFideId "16222237"]
[BlackFideId "16230523"]
[EventCountry "GER"]
[EventRounds "11"]
[EventType "swiss"]
[EventDate "2018.05.19"]

1. e4 c5 2. Nf3 Nc6 3. d4 cxd4 4. Nxd4 e5 5. Nf3 Nf6 6. Bd3 d5 7. exd5 Nxd5 8.
Bb5 Qa5+ 9. Nc3 Nxc3 10. Bxc6+ bxc6 11. bxc3 Qxc3+ 12. Bd2 Qc5 13. h3 Ba6 14.
Be3 Qa5+ 15. Bd2 Qd5 16. Be3 Qxd1+ 17. Rxd1 Bb4+ 18. Bd2 Bxd2+ 19. Rxd2 f6 20.
Rd1 Ke7 21. Nd2 Rad8 22. f3 Rd5 23. Nb3 Rhd8 24. Rxd5 cxd5 25. Kf2 Rc8 26. Rc1
Kd6 27. Ke3 d4+ 28. Kd2 Kd5 29. g4 Rc3 30. Na5 Rxf3 31. c4+ dxc3+ 32. Rxc3 Rxc3
33. Kxc3 e4 34. Kd2 Bc4 35. a3 Kc5 36. Nb7+ Kd4 37. Nd6 e3+ 38. Ke1 Kd3 39. Nf5
g6 40. Nd6 Kd4 41. Kd1 Kd5 42. Nc8 a6 43. Ke1 f5 44. gxf5 gxf5 45. Ne7+ Ke6 46.
Nc6 f4 47. Nd4+ Kd5 48. Nf3 Ke4 49. Ng5+ Kd3 50. h4 h6 51. Nf3 Ke4 52. Nh2 f3
53. Ng4 Kf4 54. Nh2 f2+ 55. Kd1 e2+ 0-1

[Event "DEM U12w 2018"]
[Site "Willingen GER"]
[Date "2018.05.24"]
[Round "8"]
[White "Hubert, Charlotte"]
[Black "Adelmeyer, Nelly"]
[Result "1/2-1/2"]
[Termination "normal"]
[Board "11"]
[WhiteElo "1219"]
[BlackElo "1416"]
[PlyCount "158"]
[WhiteFideId "16265920"]
[BlackFideId "16203577"]
[EventCountry "GER"]
[EventRounds "11"]
[EventType "swiss"]
[EventDate "2018.05.19"]

1. e4 c5 2. Nf3 d6 3. c3 Nc6 4. d4 cxd4 5. cxd4 Nf6 6. Nc3 g6 7. h3 Bg7 8. Be3
O-O 9. Bc4 Qa5 10. O-O e6 11. Qd2 Rd8 12. Bb3 b5 13. a3 b4 14. axb4 Qxb4 15.
Ba4 Na5 16. Qc2 Nc4 17. Bc1 Qb6 18. Qb3 Na5 19. Qxb6 axb6 20. Bc2 Bb7 21. Bf4 {
(=)} Ba6 22. Rfd1 Nc6 23. e5 dxe5 24. dxe5 Rxd1+ 25. Rxd1 Ne8 26. Ba4 Bb7 27.
Rd7 Na5 28. b4 Bxf3 29. gxf3 Nc4 30. Re7 Nxe5 31. Bxe5 Bxe5 32. Rxe8+ Rxe8 33.
Bxe8 Bxc3 34. b5 Kf8 35. Bc6 f5 36. Kf1 h5 37. Ke2 g5 38. Ke3 Be1 39. Ke2 Bb4
40. Ke3 Bc5+ 41. Ke2 Ke7 42. Kf1 Kd6 43. Kg2 Ke5 44. Be8 h4 45. Bh5 Kd4 46. Bf7
e5 47. Bg6 Kc4 48. Bxf5 Kxb5 49. Kf1 Kb4 50. Ke2 b5 51. Ke1 Kc3 52. Ke2 b4 53.
Bg6 b3 54. Bf5 b2 55. Bb1 Bd4 56. Ke1 Kb3 57. Ke2 Bc3 58. Kd3 Kb4 59. Ke4 Bd4
60. Kf5 Kc3 61. Kxg5 Bxf2 62. f4 exf4 63. Kxf4 {(=)} Kd2 64. Kf3 Bg3 65. Kg2
Kc1 66. Be4 b1=Q 67. Bxb1 Kxb1 68. Kf3 Kc2 69. Kg2 Kd1 70. Kh1 Ke2 71. Kg2 Ke3
72. Kg1 Be1 73. Kg2 Kf4 74. Kh2 Kf3 75. Kh1 Kg3 76. Kg1 Kxh3 77. Kh1 Kg3 78.
Kg1 Kf3 79. Kh1 Bg3 1/2-1/2

[Event "DEM U12w 2018"]
[Site "Willingen GER"]
[Date "2018.05.24"]
[Round "8"]
[White "Wimmer, Katharina"]
[Black "Ulrich, Helena Irene"]
[Result "0-1"]
[Termination "normal"]
[Board "12"]
[WhiteElo "1169"]
[BlackElo "1282"]
[PlyCount "94"]
[WhiteFideId "16265947"]
[BlackFideId "16256000"]
[EventCountry "GER"]
[EventRounds "11"]
[EventType "swiss"]
[EventDate "2018.05.19"]

1. e4 c5 2. Nf3 d6 3. d3 Nf6 4. g3 g6 5. Bg2 Bg7 6. Be3 Nc6 7. Qd2 a6 8. c4 Nd7
9. O-O O-O 10. Nc3 e6 11. Bh3 Nde5 12. Nxe5 Nxe5 13. f4 Nc6 14. Ne2 f5 15. a3
Re8 16. Rab1 b6 17. Kh1 Rf8 18. Rf2 Bb7 19. Bg2 Rb8 20. h3 Rf7 21. Rg1 Qc7 22.
Rff1 Rd8 23. b3 Rdf8 24. Bf3 Bc8 25. Rg2 Rd8 26. g4 Rdf8 27. g5 Bb7 28. h4 Rd8
29. h5 Bc8 30. Rh2 Rfd7 31. Qc2 Bb7 32. Kg2 Ne7 33. Rfh1 d5 34. e5 d4 35. Bf2
Bxf3+ 36. Kxf3 Nc6 37. hxg6 hxg6 38. Bg3 Qb7 39. Kf2 Rc8 40. Qd1 b5 41. Rh4
bxc4 42. bxc4 Rb8 43. Qf1 Qb3 44. Qa1 Qxd3 45. Rc1 Qe3+ 46. Ke1 d3 47. Rd1
Qxe2# 0-1

[Event "DEM U12w 2018"]
[Site "Willingen GER"]
[Date "2018.05.24"]
[Round "8"]
[White "Becker, Linda"]
[Black "Alferova, Emily"]
[Result "1-0"]
[Termination "normal"]
[Board "13"]
[WhiteElo "1464"]
[BlackElo "1323"]
[PlyCount "81"]
[WhiteFideId "16244753"]
[BlackFideId "16265904"]
[EventCountry "GER"]
[EventRounds "11"]
[EventType "swiss"]
[EventDate "2018.05.19"]

1. e4 e5 2. Nf3 Nc6 3. d4 exd4 4. Nxd4 Bc5 5. Be3 Qf6 6. c3 Nge7 7. Bc4 Ne5 8.
Be2 Qg6 9. O-O h5 10. Nb5 Qc6 11. Bxc5 Qxc5 12. Qd4 Qxd4 13. cxd4 N5c6 14.
Nxc7+ Kd8 15. Nxa8 Nxd4 16. Nc3 Nxe2+ 17. Nxe2 b5 18. Nd4 b4 19. Rac1 Nc6 20.
Nxc6+ dxc6 21. Rfd1+ Ke7 22. Rxc6 g6 23. Nc7 a5 24. Nd5+ Kd7 25. Nxb4+ Ke7 26.
Nd5+ Kd7 27. Rc7+ Ke6 28. Re7+ Kd6 29. Rxf7 Ke6 30. Rf6+ Ke5 31. Rxg6 Kxe4 32.
f3+ Kf5 33. Ne7+ Ke5 34. g3 Bb7 35. Nc6+ Kf5 36. Rgd6 Bxc6 37. Rxc6 Re8 38.
Rd5+ Re5 39. Rxe5+ Kxe5 40. Rc5+ Kd4 41. Rxh5 1-0

[Event "DEM U12w 2018"]
[Site "Willingen GER"]
[Date "2018.05.24"]
[Round "8"]
[White "Breß, Amy Charlize"]
[Black "Heckler, Florentine"]
[Result "1-0"]
[Termination "normal"]
[Board "14"]
[WhiteElo "1558"]
[BlackElo "1284"]
[PlyCount "135"]
[WhiteFideId "16233786"]
[BlackFideId "16240316"]
[EventCountry "GER"]
[EventRounds "11"]
[EventType "swiss"]
[EventDate "2018.05.19"]

1. e4 c5 2. Nf3 Nc6 3. d4 cxd4 4. Nxd4 e5 5. Nb5 d6 6. N1c3 a6 7. Na3 Be7 8.
Nc4 b5 9. Ne3 Nf6 10. Ned5 Be6 11. Be3 Nxd5 12. exd5 Bd7 13. dxc6 Bxc6 14. Nd5
O-O 15. Be2 Bxd5 16. Qxd5 Rc8 17. Qd2 d5 18. c3 a5 19. Bxb5 d4 20. Bxd4 exd4
21. Qxd4 Qxd4 22. cxd4 Bf6 23. d5 Bxb2 24. Rb1 Bc3+ 25. Ke2 Rfd8 26. Bc6 Rb8
27. Kd3 Rxb1 28. Rxb1 Be5 29. h3 Bd6 30. Rb7 Rb8 31. Rxb8+ Bxb8 32. Kc4 Kf8 33.
f3 Ke7 34. Kd4 f5 35. Ke3 Kd6 36. Kf4 g6 37. Kg5 Ke7 38. Kh6 Kf7 39. Kxh7 Bf4
40. a4 Kf6 41. Be8 Kg5 42. Bxg6 Be5 43. h4+ Kxh4 44. Bxf5 Kg3 45. Kg6 Kxg2 46.
Be4 Kg3 47. Kf5 Bd6 48. Ke6 Bf4 49. d6 Bg5 50. d7 Kf4 51. Kf7 Ke5 52. Ke8 Kd6
53. d8=Q+ Bxd8 54. Kxd8 Ke5 55. Kc7 Kd4 56. Kb6 Ke5 57. Kxa5 Kd6 58. Kb6 Kd7
59. a5 Kd6 60. a6 Ke5 61. a7 Kd4 62. a8=Q Kc3 63. Qd5 Kb4 64. Qd4+ Kb3 65. Kb5
Ka2 66. Qc4+ Ka1 67. Qc1+ Ka2 68. Bd5# 1-0

[Event "DEM U12w 2018"]
[Site "Willingen GER"]
[Date "2018.05.24"]
[Round "8"]
[White "Shapiro, Nina"]
[Black "Sinner, Joselyne"]
[Result "0-1"]
[Termination "normal"]
[Board "15"]
[WhiteElo "1281"]
[BlackElo "1541"]
[PlyCount "172"]
[WhiteFideId "16260007"]
[BlackFideId "16210387"]
[EventCountry "GER"]
[EventRounds "11"]
[EventType "swiss"]
[EventDate "2018.05.19"]

1. e4 e5 2. Bc4 Nf6 3. d3 d5 4. exd5 Nxd5 5. Nf3 Nc6 6. O-O Nb6 7. Bb3 Bg4 8.
h3 Bh5 9. Re1 Bd6 10. c3 O-O 11. Nbd2 Re8 12. Qc2 Na5 13. g4 Nxb3 14. Qxb3 Bg6
15. Nc4 Nxc4 16. Qxc4 Qf6 17. Kg2 Qe7 18. Bg5 Qd7 19. Qd5 c6 20. Qb3 Bxd3 21.
Rad1 e4 22. Nd4 c5 23. Nf5 c4 24. Nxd6 cxb3 25. Nxe8 Rxe8 26. axb3 Qd5 27. Bh4
Qxb3 28. Rxd3 Kf8 29. Rd2 f6 30. Bg3 Qb6 31. Re3 Qb5 32. Rde2 Qc6 33. h4 Kf7
34. Kh3 Qd5 35. f3 f5 36. gxf5 Qxf5+ 37. Kh2 exf3 38. Rxe8 fxe2 39. Rxe2 Qb5
40. Rf2+ Kg6 41. Kh3 Qd3 42. Kg4 Qd7+ 43. Kf4 Qf5+ 44. Ke3 Qg4 45. Rf3 Qe6+ 46.
Kf4 Kf6 47. b4 h6 48. Rd3 Qc4+ 49. Ke3 Kf5 50. Kd2 Qe4 51. Re3 Qg2+ 52. Kd3 Kg4
53. Bb8 Qd5+ 54. Ke2 Qa2+ 55. Kd3 Kxh4 56. Re4+ Kh5 57. Re5+ Kg6 58. Ra5 Qb1+
59. Kc4 Qf1+ 60. Kb3 a6 61. Rc5 h5 62. Rc7 Qf5 63. c4 Qf3+ 64. Ka4 h4 65. Re7
h3 66. Re6+ Kh5 67. Re5+ g5 68. c5 h2 69. Rxg5+ Kxg5 70. Bxh2 Qd1+ 71. Ka5 Qd3
72. Ka4 Qb5+ 73. Ka3 Kf5 74. Bc7 Ke4 75. Kb3 Kd4 76. Bd6 a5 77. c6 Qd5+ 78. Ka4
Qxd6 79. Kxa5 bxc6 80. Ka4 Kc4 81. Ka5 Qxb4+ 82. Ka6 Qb5+ 83. Ka7 Kd5 84. Ka8
Kd6 85. Ka7 Kc7 86. Ka8 Qb7# 0-1

[Event "DEM U12w 2018"]
[Site "Willingen GER"]
[Date "2018.05.24"]
[Round "8"]
[White "Prinzen, Siri Marleen"]
[Black "Nguyen, Jenny Ha-Linh"]
[Result "0-1"]
[Termination "normal"]
[Board "16"]
[WhiteElo "1227"]
[BlackElo "1360"]
[PlyCount "76"]
[WhiteFideId "16265912"]
[BlackFideId "16209729"]
[EventCountry "GER"]
[EventRounds "11"]
[EventType "swiss"]
[EventDate "2018.05.19"]

1. e4 e6 2. d4 d5 3. e5 c5 4. c3 Nc6 5. Nf3 Qb6 6. a3 cxd4 7. cxd4 Nge7 8. b4
Nf5 9. Bb2 Be7 10. Bd3 O-O 11. O-O Bd7 12. b5 Na5 13. a4 a6 14. Na3 Rfc8 15.
Rb1 Nc4 16. Bxf5 exf5 17. Nxc4 Rxc4 18. bxa6 Qxa6 19. Bc1 Bxa4 20. Qd2 b5 21.
Rb2 b4 22. Qd3 b3 23. Nd2 Rc2 24. Qxf5 Rac8 25. Rxc2 Rxc2 26. Nf3 b2 27. Bg5
Qc6 28. Qd3 Bb5 29. Qd1 Bxf1 30. Be3 Rc1 31. Bxc1 Qxc1 32. Qxf1 Qxf1+ 33. Kxf1
b1=Q+ 34. Ke2 Qc2+ 35. Ke3 Qe4+ 36. Kd2 Bb4+ 37. Kd1 Qd3+ 38. Kc1 Ba3# 0-1

[Event "DEM U12w 2018"]
[Site "Willingen GER"]
[Date "2018.05.24"]
[Round "8"]
[White "Gossing, Marie-Sophie"]
[Black "Voigt, Anastasia"]
[Result "0-1"]
[Termination "normal"]
[Board "17"]
[WhiteElo "1309"]
[BlackElo "1281"]
[PlyCount "66"]
[WhiteFideId "16217284"]
[BlackFideId "16235223"]
[EventCountry "GER"]
[EventRounds "11"]
[EventType "swiss"]
[EventDate "2018.05.19"]

1. e4 c5 2. d4 cxd4 3. c3 g6 4. cxd4 d5 5. Bb5+ Nc6 6. Nc3 a6 7. Ba4 b5 8. Bb3
dxe4 9. Nxe4 Qxd4 10. Qf3 Nf6 11. Nxf6+ Qxf6 12. Qxf6 exf6 13. Bd5 Bd7 14. Nf3
Bg7 15. Nd4 Nxd4 16. Bxa8 Nc2+ 17. Kd1 Nxa1 18. Re1+ Be6 19. Bd5 O-O 20. Bxe6
fxe6 21. Rxe6 a5 22. Bd2 Rd8 23. Re2 {(=)} 23... a4 24. Kc1 Rc8+ 25. Bc3 b4 26.
Kb1 bxc3 27. Kxa1 c2 28. a3 c1=Q+ 29. Ka2 Qc4+ 30. Ka1 Qxe2 31. Ka2 Qe6+ 32. b3
Qxb3+ 33. Ka1 f5# 0-1

[Event "DEM U12w 2018"]
[Site "Willingen GER"]
[Date "2018.05.24"]
[Round "8"]
[White "Kumas, Alina"]
[Black "Müller, Alina"]
[Result "1/2-1/2"]
[Termination "normal"]
[Board "18"]
[WhiteElo "1157"]
[BlackElo "1208"]
[PlyCount "52"]
[WhiteFideId "16235789"]
[BlackFideId "16265939"]
[EventCountry "GER"]
[EventRounds "11"]
[EventType "swiss"]
[EventDate "2018.05.19"]

1. e4 e6 2. d4 d5 3. Nc3 dxe4 4. Nxe4 Bd7 5. Nf3 Bc6 6. Ng3 Nf6 7. Be3 Nbd7 8.
Bd3 Be7 9. O-O O-O 10. c4 Nb6 11. Rc1 Re8 12. Qc2 Rc8 13. Ng5 g6 14. f3 Nfd7
15. Nh3 Bf6 16. Nf2 Nf8 17. Ne2 e5 18. d5 Bd7 19. c5 Nxd5 20. Bh6 Bg5 21. Bxg5
Qxg5 22. Ne4 Qe7 23. Qd2 Nf6 24. Nxf6+ Qxf6 25. b4 b6 26. c6 Bxc6 1/2-1/2

[Event "DEM U12w 2018"]
[Site "Willingen GER"]
[Date "2018.05.24"]
[Round "8"]
[White "Alhassan, Jodi"]
[Black "Feige, Adelina"]
[Result "0-1"]
[Termination "normal"]
[Board "19"]
[WhiteElo "1114"]
[BlackElo "1166"]
[PlyCount "72"]
[WhiteFideId "16250460"]
[BlackFideId "16265955"]
[EventCountry "GER"]
[EventRounds "11"]
[EventType "swiss"]
[EventDate "2018.05.19"]

1. e4 e5 2. Nf3 Nc6 3. Bc4 Bc5 4. Nc3 Nf6 5. d3 h6 6. O-O d6 7. Na4 Bb6 8. Nxb6
axb6 9. c3 Bg4 10. Be3 O-O 11. b4 Qe7 12. b5 Na5 13. h3 Bh5 14. Bd5 c6 15. Bc4
d5 16. exd5 cxd5 17. Bb3 Nxb3 18. axb3 Rxa1 19. Qxa1 Bxf3 20. gxf3 Qd7 21. Kh2
Qxb5 22. c4 Qxb3 23. Qxe5 Qxd3 24. Rg1 Kh7 25. cxd5 Qxd5 26. Qg3 g5 27. f4 Ne4
28. Qg4 f6 29. Bxb6 Nd2 30. Rd1 Nf3+ 31. Kg2 Ne5+ 32. Qf3 Qxf3+ 33. Kh2 Qxd1
34. fxe5 fxe5 35. Be3 Ra8 36. Kg3 Ra3 0-1

[Event "DEM U12w 2018"]
[Site "Willingen GER"]
[Date "2018.05.25"]
[Round "9"]
[White "Bashylina, Luisa"]
[Black "Butenandt, Svenja"]
[Result "1/2-1/2"]
[Termination "normal"]
[Board "1"]
[WhiteElo "1764"]
[BlackElo "1730"]
[WhiteClock "01:01:19"]
[BlackClock "00:50:08"]
[PlyCount "41"]
[WhiteFideId "12983292"]
[BlackFideId "12993859"]
[EventCountry "GER"]
[EventRounds "11"]
[EventType "swiss"]
[EventDate "2018.05.19"]

1. e4 {[%clk 1:15:58]} 1... Nf6 {[%clk 1:15:52]} 2. e5 {[%clk 1:16:07]} 2...
Nd5 {[%clk 1:16:16]} 3. Nc3 {[%clk 1:16:27]} 3... Nxc3 {[%clk 1:15:44]} 4. dxc3
{[%clk 1:16:51]} 4... Nc6 {[%clk 1:15:26]} 5. Bf4 {[%clk 1:16:05]} 5... g6 {
[%clk 1:14:19]} 6. Qd2 {[%clk 1:15:51]} 6... Bg7 {[%clk 1:14:27]} 7. Nf3 {
[%clk 1:15:52]} 7... d6 {[%clk 1:12:56]} 8. O-O-O {[%clk 1:15:29]} 8... dxe5 {
[%clk 1:08:27]} 9. Qxd8+ {[%clk 1:15:32]} 9... Nxd8 {[%clk 1:08:51]} 10. Bxe5 {
[%clk 1:14:46]} 10... Bxe5 {[%clk 1:09:07]} 11. Nxe5 {[%clk 1:15:11]} 11... O-O
{[%clk 1:07:35]} 12. Nd7 {[%clk 1:13:48]} 12... Re8 {[%clk 1:06:12]} 13. Be2 {
[%clk 1:12:03]} 13... Ne6 {[%clk 1:03:10]} 14. Bc4 {[%clk 1:10:28]} 14... Nf8 {
[%clk 1:00:24]} 15. Ne5 {[%clk 1:09:08]} 15... Be6 {[%clk 0:57:47]} 16. Bxe6 {
[%clk 1:05:42]} 16... Nxe6 {[%clk 0:58:08]} 17. Rd7 {[%clk 1:01:04]} 17... Rad8
{[%clk 0:56:19]} 18. Rhd1 {[%clk 1:00:57]} 18... Rxd7 {[%clk 0:52:41]} 19. Rxd7
{[%clk 1:01:20]} 19... Kf8 {[%clk 0:50:55]} 20. Kd2 {[%clk 1:01:03]} 20... Rd8
{[%clk 0:50:08]} 21. Rxd8+ {[%clk 1:01:19]} 1/2-1/2